Line parameters for the 1.9 and 6.3 micron water vapor bands (Record no. 30125)
[ view plain ]
| 000 -LEADER | |
|---|---|
| fixed length control field | 00517nam a22001577a 4500 |
| 008 - FIXED-LENGTH DATA ELEMENTS--GENERAL INFORMATION | |
| fixed length control field | 230515b |||||||| |||| 00| 0 eng d |
| 040 ## - CATALOGING SOURCE | |
| Original cataloging agency | National Science Library |
| Transcribing agency | National Science Library |
| 080 ## - UNIVERSAL DECIMAL CLASSIFICATION NUMBER | |
| Universal Decimal Classification number | 551.52.326:535.336 |
| Item number | K7 |
| 100 1# - MAIN ENTRY--PERSONAL NAME | |
| Personal name | Benedict, William S |
| 9 (RLIN) | 8966 |
| 245 ## - TITLE STATEMENT | |
| Title | Line parameters for the 1.9 and 6.3 micron water vapor bands |
| 260 ## - PUBLICATION, DISTRIBUTION, ETC. | |
| Place of publication, distribution, etc. | Washington: |
| Name of publisher, distributor, etc. | US Department of Commerce, |
| Date of publication, distribution, etc. | 1967 |
| 300 ## - PHYSICAL DESCRIPTION | |
| Extent | v, 204p. |
| 490 ## - SERIES STATEMENT | |
| Series statement | Professional paper 2 |
| 700 ## - ADDED ENTRY--PERSONAL NAME | |
| Personal name | Calfee, Robert F |
| 942 ## - ADDED ENTRY ELEMENTS (KOHA) | |
| Source of classification or shelving scheme | Universal Decimal Classification |
| Koha item type | Reference |
| Withdrawn status | Lost status | Source of classification or shelving scheme | Damaged status | Not for loan | Home library | Current library | Shelving location | Date acquired | Total Checkouts | Full call number | Barcode | Date last seen | Price effective from | Koha item type |
|---|---|---|---|---|---|---|---|---|---|---|---|---|---|---|
| Universal Decimal Classification | National Science Library | National Science Library | GF/Rk-9/C-24/R-5 | 06/04/1970 | 551.52.326:535.336 K7 | 33350 | 15/05/2023 | 06/04/1970 | Reference |